| 000 | 00426nam a2200181Ia 4500 | ||
|---|---|---|---|
| 001 | 3786 | ||
| 005 | 20260306145709.0 | ||
| 008 | 260306t1974||||xx |||||||||||||| ||spa|| | ||
| 041 | _aESP | ||
| 082 |
_a303.483 _bR53 |
||
| 100 |
_aRichta, Radovan _eAUT |
||
| 245 | 0 | _aLa civilización en la encrucijada | |
| 260 | _c1974 | ||
| 300 |
_a416 pƔginas : _c21 cm. |
||
| 650 | _aGEN | ||
| 654 | _aCHU | ||
| 942 |
_cLIB _dJUS _fJUS _2ddc _n |
||
| 999 |
_c3786 _d3786 |
||